00997naa a22002177a 4500003000400000005001700004008004100021040000700062100004200069245009400111260004400205300001500249505023100264650002600495650003600521650003300557650002900590773013200619942001300751999001500764OSt20190510062320.0190510e xxu||||| |||| 00| 0 spa d cPJ 94243aLeguisamón, Héctor Eduardo 13aLa medida autosatisfactiva versus la libertad de prensa /cHéctor Eduardo Leguisamón. aSanta Fe :bRubinzal - Culzoni, c2014. ap. 131-168 aI. Prefacio. II. Las medidas autosatisfactivas y la difamación a través de los medios de comunicación. III. Un caso concreto. IV. La decisión de primera instancia. V. La decisión de segunda instancia. VI. Corolario.  09267aDERECHO PROCESAL 094222aMEDIDAS AUTOSATISFACTIVAS 091247aMEDIOS DE COMUNICACION 091261aLIBERTAD DE PRENSA0 0278993212b2a .ed. amp. y act.dSanta Fe : Rubinzal - Culzoni, 2014.o6436tMedidas autosatisfactivas. Tomo IIz9789873004278 2udccART c2822d2822